000 005220000a22001810004500
041 0 _aSPA
082 0 4 _aG 187 H993f
100 1 _aHyde, Wiliam de Witt
245 1 0 _aFrom Epicurus to Christ : An study in the principles of personality / William de Witt Hyde
260 _aNew York, N.Y., USA : Hodder & Stoughton
300 _a285 Pag.
650 1 4 _aFILOSOFIA ANTIGUA
001 1396
942 _cBK
999 _c32719
_d32719
336 _atexto
_btxt
_2rdacontent
337 _2rdamedia
_asin mediación
_bn
338 _2rdacarrier
_avolumen
_bnc